| 000 | 01048cam a22003255a 4500 | ||
|---|---|---|---|
| 999 |
_c26158 _d26130 |
||
| 001 | 009088496 | ||
| 003 | EG-ScBUE | ||
| 005 | 20200913094318.0 | ||
| 008 | 880504r19911988enka f b 001 0 eng d | ||
| 020 | _a0419135405 | ||
| 020 | _a9780419135401 | ||
| 040 |
_aUk _beng _erda _cUk _dEG-ScBUE |
||
| 082 | 0 | 4 |
_a627.98 _bBAY _222 |
| 100 | 1 |
_aBayliss, Mel, _d1942- _eauthor. |
|
| 245 | 1 | 0 |
_aUnderwater inspection / _cMel Bayliss, David Short and Mary Bax. |
| 250 | _aReprint edition. | ||
| 264 | 1 |
_aLondon : _bE & FN Spon, _c1991. |
|
| 300 |
_aix, 229 pages : _billustrations ; _c24 cm |
||
| 336 |
_2rdacontent _atext _btxt |
||
| 337 |
_2rdamedia _aunmediated _bn |
||
| 338 |
_2rdacarrier _avolume _bnc |
||
| 504 | _aIncludes bibliographical references and index. | ||
| 650 | 7 |
_aOffshore structures _xInspection. _2BUEsh |
|
| 650 | 7 |
_aUnderwater construction _xInspection. _2BUEsh |
|
| 653 |
_bENGGEN _cFebruary2018 |
||
| 655 |
_vReading book _934232 |
||
| 700 | 1 |
_aShort, David, _d1933- _eauthor. |
|
| 700 | 1 |
_aBax, Mary, _eauthor. |
|
| 942 |
_2ddc _cBB |
||